Normal view MARC view

Entry Personal Name

Number of records used in: 1

001 - CONTROL NUMBER

  • control field: 73263

003 - CONTROL NUMBER IDENTIFIER

  • control field: dpl

005 - DATE AND TIME OF LATEST TRANSACTION

  • control field: 20241023151723.0

008 - FIXED-LENGTH DATA ELEMENTS

  • fixed length control field: 241023|| aca||aabn | a|a d

040 ## - CATALOGING SOURCE

  • Original cataloging agency: dpl
  • Transcribing agency: dpl

100 ## - HEADING--PERSONAL NAME

  • Personal name: पाण्डे,करूणा

670 ## - SOURCE DATA FOUND

  • Source citation: Work cat.: (dpl)205576: पाण्डे,करूणा, शौर्य और बलिदान की कहानियाँ/, 2023

© Delhi Public Library
Hit Counter
free hit counter